000 00643nam a2200241Ia 4500
003 OSt
005 20221006144739.0
006 a|||||r|||| 00| 0
007 ta
008 221006b |||||||| |||| 00| 0 eng d
020 _c10.00
024 _a12,593
037 _cTextual
040 _aEASL
_cEASL
_beng
041 _2eng
_aeng
082 _aV41:1942,(zM).N3, G8
100 _aHsu Shuhsi
_9652756
245 0 _aHow the far eastern war was begun
260 _aHong Kong
_bKelly & Walsh
_c1938
300 _a97p.
_ccm.
942 _hV41:1942,(zM).N3, G8
_cTEXL
_2CC
999 _c1080679
_d1080679